[Event "Belgrade-chT Quality"]
[Site "Belgrade"]
[Date "2022.10.08"]
[Round "7.6"]
[White "Kocalo, Luka"]
[Black "Cetkovic, Miodrag"]
[Result "1-0"]
[WhiteElo "1791"]
[BlackElo "2119"]
[PlyCount "113"]
[EventDate "2022.10.01"]
[EventType "team-tourn"]
[EventRounds "11"]
[EventCountry "SRB"]
[SourceTitle "EXT 2024"]
[Source "ChessBase"]
[SourceDate "2023.10.10"]
[SourceVersion "1"]
[SourceVersionDate "2023.10.10"]
[SourceQuality "1"]
[WhiteTeam "Belgrade PTT"]
[BlackTeam "Belgrade Radnicki"]
[WhiteTeamCountry "SRB"]
[BlackTeamCountry "SRB"]

1. e4 c5 2. Nf3 e6 3. g3 d6 4. Bg2 Nf6 5. Qe2 Nc6 6. 0-0 Be7 7. c3 e5 8. Rd1 Bg4 9. Na3 Qc8 10. d3 0-0 11. Bg5 Re8 12. Nc4 d5 13. Bxf6 dxc4 14. Bxe7 cxd3 15. Rxd3 Rxe7 16. Qe3 b6 17. Bf1 h6 18. Ne1 Rd7 19. Nc2 Na5 20. Rd5 Be6 21. Rxe5 Qc7 22. Rh5 Rad8 23. b3 Rd2 24. Ne1 Nc6 25. Bd3 R2xd3 26. Nxd3 c4 27. Nf4 Bg4 28. Rd5 cxb3 29. Rxd8+ Qxd8 30. axb3 Ne5 31. h3 Bf3 32. Qd4 Qb8 33. Nd3 Nc6 34. Qe3 Bh5 35. Nf4 Qe5 36. Nxh5 Qxh5 37. Kg2 Qb5 38. b4 a5 39. bxa5 bxa5 40. Qd2 Qe5 41. Qd3 g6 42. Ra4 Kh7 43. Qd5 Qe8 44. Rc4 Ne5 45. Rc5 Nd7 46. Rxa5 Nf6 47. Qe5 Qd8 48. Ra4 Nh5 49. Rd4 Qc8 50. c4 Ng7 51. c5 Ne6 52. Rc4 Qa6 53. Qd5 h5 54. c6 h4 55. c7 Qc8 56. Rc6 hxg3 57. fxg3 1-0

[Event "Belgrade Premier League"]
[Site "Belgrade"]
[Date "2021.10.10"]
[Round "9.5"]
[White "Kocalo, Luka"]
[Black "Poleksic, Petar"]
[Result "1/2-1/2"]
[WhiteElo "1728"]
[BlackElo "2021"]
[PlyCount "50"]
[EventDate "2021.10.01"]
[EventType "team-tourn"]
[EventRounds "11"]
[EventCountry "SRB"]
[SourceTitle "CBM 204 Extra"]
[Source "ChessBase"]
[SourceDate "2021.11.30"]
[SourceVersion "1"]
[SourceVersionDate "2021.11.30"]
[SourceQuality "1"]
[WhiteTeam "Belgrade PTT"]
[BlackTeam "Belgrade Turbina"]
[WhiteTeamCountry "SRB"]
[BlackTeamCountry "SRB"]

1. e4 e5 2. Nf3 Nc6 3. Nc3 Bb4 4. Bc4 Nf6 5. d3 d6 6. h3 Be6 7. Bb3 Qe7 8. 0-0 h6 9. Nd5 Bxd5 10. exd5 Nd8 11. c3 Ba5 12. Nd2 0-0 13. Nc4 Bb6 14. Nxb6 axb6 15. Be3 Nd7 16. f4 f5 17. fxe5 Nxe5 18. Qd2 Qf6 19. d4 Ng6 20. Bc2 Ne7 21. c4 Nf7 22. g4 Qh4 23. gxf5 Qg3+ 24. Kh1 Qxh3+ 25. Kg1 Qg3+ 1/2-1/2

[Event "Belgrade Premier League"]
[Site "Belgrade"]
[Date "2021.10.09"]
[Round "8.3"]
[White "Gvozdenovic, Milos"]
[Black "Kocalo, Luka"]
[Result "1-0"]
[WhiteElo "1918"]
[BlackElo "1728"]
[PlyCount "81"]
[EventDate "2021.10.01"]
[EventType "team-tourn"]
[EventRounds "11"]
[EventCountry "SRB"]
[SourceTitle "CBM 204 Extra"]
[Source "ChessBase"]
[SourceDate "2021.11.30"]
[SourceVersion "1"]
[SourceVersionDate "2021.11.30"]
[SourceQuality "1"]
[WhiteTeam "Belgrade Partizan"]
[BlackTeam "Belgrade PTT"]
[WhiteTeamCountry "SRB"]
[BlackTeamCountry "SRB"]

1. Nf3 e6 2. c4 f5 3. g3 Nf6 4. Bg2 c6 5. 0-0 d5 6. d3 Bd6 7. Nc3 0-0 8. e4 Be7 9. cxd5 cxd5 10. exf5 exf5 11. Nd4 Nc6 12. Qa4 Nxd4 13. Qxd4 Be6 14. Re1 Qd7 15. Bf4 Rad8 16. Re2 b6 17. Qe5 d4 18. Qxe6+ Qxe6 19. Rxe6 Kf7 20. Rae1 Bb4 21. a3 Bxc3 22. bxc3 dxc3 23. Re7+ Kg6 24. Rxa7 Rxd3 25. Rc7 c2 26. Rxc2 Rfd8 27. Rb2 Rxa3 28. Rxb6 Ra2 29. Bf3 h6 30. Kg2 Kh7 31. h4 Rc8 32. Rc1 Rd8 33. Rb7 Ne4 34. Bxe4 fxe4 35. Rcc7 Kg6 36. Rxg7+ Kf6 37. Rh7 Ke6 38. Rxh6+ Kd5 39. Rc7 Rb2 40. Be3 Rf8 41. Rc5# 1-0

[Event "Belgrade Premier League"]
[Site "Belgrade"]
[Date "2021.10.06"]
[Round "5.3"]
[White "Kocalo, Luka"]
[Black "Vujovic, Vera"]
[Result "1/2-1/2"]
[WhiteElo "1728"]
[BlackElo "1267"]
[PlyCount "109"]
[EventDate "2021.10.01"]
[EventType "team-tourn"]
[EventRounds "11"]
[EventCountry "SRB"]
[SourceTitle "CBM 204 Extra"]
[Source "ChessBase"]
[SourceDate "2021.11.30"]
[SourceVersion "1"]
[SourceVersionDate "2021.11.30"]
[SourceQuality "1"]
[WhiteTeam "Belgrade PTT"]
[BlackTeam "Mirijevo"]
[WhiteTeamCountry "SRB"]
[BlackTeamCountry "SRB"]

1. e4 c5 2. Nf3 d6 3. d3 Nc6 4. g3 Nf6 5. Bg2 g6 6. 0-0 Bg7 7. c3 0-0 8. a4 Bg4 9. Nbd2 Ne5 10. h3 Nxf3+ 11. Nxf3 Bxf3 12. Qxf3 Nd7 13. Qe2 a6 14. f4 Qc7 15. Be3 b5 16. e5 Rab8 17. d4 Qb6 18. a5 Qc7 19. b4 c4 20. Rae1 e6 21. g4 dxe5 22. fxe5 f6 23. exf6 Rxf6 24. Qd2 Rxf1+ 25. Rxf1 Rf8 26. Rxf8+ Nxf8 27. Bf4 Qd7 28. Qe3 Kh8 29. Qe4 Kg8 30. Qc6 Bxd4+ 31. Kh1 Qxc6 32. Bxc6 Bxc3 33. Bb7 Bxb4 34. Bxa6 Bxa5 35. Bxb5 c3 36. Kg2 Kf7 37. Kf3 Kf6 38. Ke2 e5 39. Be3 Ne6 40. h4 Nd4+ 41. Bxd4 exd4 42. Bd3 h6 43. Kf3 g5 44. h5 Ke5 45. Be4 Bc7 46. Bd3 Kd5 47. Ke2 Kc5 48. Kd1 Bb6 49. Bc2 Bc7 50. Bd3 Bf4 51. Kc2 Be3 52. Kd1 Kd5 53. Ke2 Ke5 54. Kf3 Bf2 55. Be4 1/2-1/2

[Event "Belgrade Premier League"]
[Site "Belgrade"]
[Date "2021.10.02"]
[Round "2.6"]
[White "Bjelanovic, Mile"]
[Black "Kocalo, Luka"]
[Result "1-0"]
[WhiteElo "2041"]
[BlackElo "1728"]
[PlyCount "67"]
[EventDate "2021.10.01"]
[EventType "team-tourn"]
[EventRounds "11"]
[EventCountry "SRB"]
[SourceTitle "CBM 204 Extra"]
[Source "ChessBase"]
[SourceDate "2021.11.30"]
[SourceVersion "1"]
[SourceVersionDate "2021.11.30"]
[SourceQuality "1"]
[WhiteTeam "Belgrade Napredak"]
[BlackTeam "Belgrade PTT"]
[WhiteTeamCountry "SRB"]
[BlackTeamCountry "SRB"]

1. e4 c5 2. Nf3 Nc6 3. Bb5 g6 4. Bxc6 dxc6 5. d3 Bg7 6. h3 e5 7. Be3 Qe7 8. Nc3 Nf6 9. Qd2 0-0 10. Bh6 Re8 11. Bxg7 Kxg7 12. Nh2 b6 13. Ng4 Nh5 14. 0-0-0 b5 15. Ne2 a5 16. Rdf1 f5 17. exf5 Bxf5 18. Nh6 Be6 19. g4 Nf6 20. Ng3 Nd5 21. Re1 Bd7 22. Re4 Nf4 23. Ne2 Qg5 24. Nxf4 exf4 25. Rxf4 Rf8 26. Rf7+ Kxh6 27. Rxh7+ Kxh7 28. Qxg5 Rae8 29. f4 Re2 30. Rf1 c4 31. f5 gxf5 32. gxf5 Be8 33. Qh4+ Kg7 34. Qg4+ 1-0

[Event "Belgrade-chT Quality"]
[Site "Belgrade"]
[Date "2019.10.30"]
[Round "10.4"]
[White "Popovic, Sava"]
[Black "Kocalo, Luka"]
[Result "0-1"]
[WhiteElo "1880"]
[BlackElo "1565"]
[PlyCount "64"]
[EventDate "2019.10.05"]
[EventType "team-tourn"]
[EventRounds "11"]
[EventCountry "SRB"]
[SourceTitle "EXT 2022"]
[Source "ChessBase"]
[SourceDate "2021.10.06"]
[SourceVersion "1"]
[SourceVersionDate "2021.10.06"]
[SourceQuality "1"]
[WhiteTeam "Teleoptik"]
[BlackTeam "Delfin"]
[WhiteTeamCountry "SRB"]
[BlackTeamCountry "SRB"]

1. e4 d6 2. d4 Nf6 3. Bd3 Nbd7 4. Be3 e5 5. c3 c6 6. Ne2 Be7 7. f3 0-0 8. Qd2 a5 9. g4 d5 10. g5 Ne8 11. h4 Nd6 12. Na3 f5 13. exf5 Nxf5 14. Bxf5 Rxf5 15. 0-0-0 Bxa3 16. bxa3 Qe7 17. Qb2 Rxf3 18. Bd2 Ra6 19. Rdf1 e4 20. Rxf3 exf3 21. Ng3 Rb6 22. Nf5 Qf8 23. Qc2 Qxa3+ 24. Kd1 Rb2 25. Ne7+ Qxe7 26. Qxb2 Qe2+ 27. Kc2 f2 28. Qc1 Nb6 29. Kb3 Bh3 30. Bf4 f1Q 31. Rxf1 Bxf1 32. Bd6 Qc4+ 0-1

[Event "Belgrade-chT Quality"]
[Site "Belgrade"]
[Date "2019.10.20"]
[Round "6.4"]
[White "Mitic, Miroljub"]
[Black "Kocalo, Luka"]
[Result "1-0"]
[WhiteElo "2200"]
[BlackElo "1565"]
[PlyCount "95"]
[EventDate "2019.10.05"]
[EventType "team-tourn"]
[EventRounds "11"]
[EventCountry "SRB"]
[SourceTitle "EXT 2022"]
[Source "ChessBase"]
[SourceDate "2021.10.06"]
[SourceVersion "1"]
[SourceVersionDate "2021.10.06"]
[SourceQuality "1"]
[WhiteTeam "Belgrade Politika"]
[BlackTeam "Delfin"]
[WhiteTeamCountry "SRB"]
[BlackTeamCountry "SRB"]

1. Nf3 d5 2. g3 Nf6 3. Bg2 c6 4. b3 Bf5 5. Bb2 e6 6. d3 Bd6 7. Nbd2 Nbd7 8. c4 Qc7 9. Rc1 0-0 10. 0-0 Ne5 11. cxd5 exd5 12. Nd4 Bg6 13. Nb5 Qd7 14. Nxd6 Qxd6 15. Nf3 Nfg4 16. Rc2 Nxf3+ 17. Bxf3 Ne5 18. Bg2 Rfe8 19. Bd4 b6 20. Bb2 c5 21. Qd2 Rad8 22. Rfc1 Nc6 23. Ba1 h6 24. Qd1 Bh5 25. Rd2 Qe6 26. Rcc2 d4 27. Bxc6 Qxc6 28. b4 Bg4 29. f3 Bf5 30. bxc5 bxc5 31. Qc1 Re5 32. Rc4 Qd6 33. Rdc2 Rc8 34. Bxd4 cxd4 35. Rxc8+ Bxc8 36. Rxc8+ Kh7 37. Rc2 Qe6 38. Kf2 Rh5 39. Qh1 Qe3+ 40. Kg2 f5 41. Qc1 Qe6 42. Qf4 Qb6 43. h4 Qb1 44. Rc7 Qxa2 45. Qe5 Qg8 46. g4 Rxh4 47. Qxf5+ Kh8 48. Rc8 1-0

[Event "Belgrade-chT Quality"]
[Site "Belgrade"]
[Date "2019.10.06"]
[Round "2.3"]
[White "Kocalo, Luka"]
[Black "Tosic, Srecko"]
[Result "0-1"]
[WhiteElo "1565"]
[BlackElo "2309"]
[PlyCount "108"]
[EventDate "2019.10.05"]
[EventType "team-tourn"]
[EventRounds "11"]
[EventCountry "SRB"]
[SourceTitle "EXT 2022"]
[Source "ChessBase"]
[SourceDate "2021.10.06"]
[SourceVersion "1"]
[SourceVersionDate "2021.10.06"]
[SourceQuality "1"]
[WhiteTeam "Delfin"]
[BlackTeam "Bogoslov"]
[WhiteTeamCountry "SRB"]
[BlackTeamCountry "SRB"]

1. d4 Nf6 2. Nf3 e6 3. Bf4 b6 4. e3 Bb7 5. Bd3 Be7 6. Nbd2 d5 7. Ne5 a6 8. h3 Nbd7 9. 0-0 0-0 10. Re1 c5 11. c3 Re8 12. Qe2 Nxe5 13. Bxe5 Nd7 14. Bg3 Bf6 15. f4 g6 16. Nf3 Bg7 17. Bh4 Qc7 18. Ne5 f6 19. Nxd7 Qxd7 20. Qg4 f5 21. Qf3 c4 22. Be2 Bc6 23. g4 b5 24. a3 a5 25. Ra2 Ra6 26. Rea1 Rea8 27. Qf1 Kf7 28. Qb1 Qb7 29. Bd1 Bf8 30. Be1 Be7 31. Kg2 Rb6 32. Qc2 Rc8 33. Bf3 Rc7 34. Bd2 Qb8 35. Bd1 b4 36. axb4 axb4 37. Ra6 bxc3 38. Rxb6 Qxb6 39. Bxc3 Rb7 40. Kf3 Qd8 41. Ra6 Bb5 42. Ra5 Qb8 43. Qb1 Ra7 44. Qa2 Rxa5 45. Qxa5 Bd7 46. Ba4 Bxa4 47. Qxa4 fxg4+ 48. hxg4 h5 49. gxh5 gxh5 50. Qd1 Qg8 51. Qh1 Qg4+ 52. Kf2 Bh4+ 53. Kf1 Qd1+ 54. Kg2 Qe2+ 0-1

[Event "Belgrade-chT Quality"]
[Site "Belgrade"]
[Date "2019.10.05"]
[Round "1.3"]
[White "Ristic, Slobodan B"]
[Black "Kocalo, Luka"]
[Result "1-0"]
[WhiteElo "1900"]
[BlackElo "1565"]
[PlyCount "63"]
[EventDate "2019.10.05"]
[EventType "team-tourn"]
[EventRounds "11"]
[EventCountry "SRB"]
[SourceTitle "EXT 2022"]
[Source "ChessBase"]
[SourceDate "2021.10.06"]
[SourceVersion "1"]
[SourceVersionDate "2021.10.06"]
[SourceQuality "1"]
[WhiteTeam "Banjica"]
[BlackTeam "Delfin"]
[WhiteTeamCountry "SRB"]
[BlackTeamCountry "SRB"]

1. e4 d6 2. d4 Nf6 3. Nc3 Nbd7 4. f4 e5 5. Nf3 exd4 6. Qxd4 Be7 7. Be3 0-0 8. 0-0-0 Ng4 9. Bg1 Bf6 10. Qd2 Bxc3 11. Qxc3 Qf6 12. Qd2 Qe6 13. Kb1 Nb6 14. Bd3 Nf6 15. f5 Qe7 16. Qf4 Bd7 17. Bf2 Bc6 18. Bh4 Nbd7 19. Rhe1 Ne5 20. Nd4 Rfe8 21. h3 Nh5 22. Qf2 Nxd3 23. cxd3 Qe5 24. Nf3 Qc5 25. Qd2 a5 26. g4 Nf6 27. Bxf6 gxf6 28. g5 Kh8 29. gxf6 Rg8 30. Rg1 a4 31. Qh6 Qf2 32. Rg7 1-0